Libros, folletos y revistas publicados por Ingenieros Industriales (Record no. 57186)

MARC details
000 -LEADER
campo de control de longitud fija 00863nam a2200193 i 4500
001 - NÚMERO DE CONTROL
campo de control 57186
003 - IDENTIFICADOR DE NÚMERO DE CONTROL
campo de control ES-MaACL
005 - FECHA Y HORA DE LA ÚLTIMA TRANSACCIÓN
campo de control 20230906163529.0
007 - CAMPO FIJO DE DESCRIPCIÓN FÍSICA--INFORMACIÓN GENERAL
campo de control de longitud fija t|
008 - DATOS DE LONGITUD FIJA--INFORMACIÓN GENERAL
campo de control de longitud fija 031015s1952 sp ||||1| spa d
100 1# - ENTRADA PRINCIPAL--NOMBRE DE PERSONA
Nombre de persona Donoso-Cortés y Mesonero-Romanos, Ricardo.
9 (RLIN) 45342
245 10 - MENCIÓN DEL TÍTULO
Título Libros, folletos y revistas publicados por Ingenieros Industriales
Resto del título : exposición bibliográfica conmemorativa del I Centenario de la fundación de la carrera /
Mención de responsabilidad, etc. por Ricardo Donoso-Cortés y Mesonero-Romanos ; prólogo de Adelardo Martínez de la Madrid.
260 ## - PUBLICACIÓN, DISTRIBUCIÓN, ETC.
Lugar de publicación, distribución, etc. Madrid :
Nombre del editor, distribuidor, etc. [s.n.],
Fecha de publicación, distribución, etc. 1952.
300 ## - DESCRIPCIÓN FÍSICA
Extensión 113 p. ;
Dimensiones 21 cm.
500 ## - NOTA GENERAL
Nota general Precede al tít.: Escuela Especial de Ingenieros Industriales.
700 1# - ENTRADA AGREGADA--NOMBRE PERSONAL
Nombre de persona Martínez de la Madrid, Adelardo.
9 (RLIN) 78004
710 2# - ENTRADA AGREGADA--NOMBRE DE ENTIDAD CORPORATIVA
Nombre de entidad corporativa o nombre de jurisdicción como elemento de entrada Escuela Central de Ingenieros Industriales (Madrid)
9 (RLIN) 3568
852 ## - LOCALIZACIÓN
Ubicación ES-MaACL
Número de control de estantería 1933-F-3
Sublocalización o colección R.32275
Holdings
Estatus retirado Estado de pérdida Estado de daño No para préstamo Colección Biblioteca de origen Biblioteca actual Ubicación en estantería Fecha de adquisición Fuente de adquisición Total de préstamos Signatura topográfica completa Código de barras Visto por última vez Precio de reemplazo Tipo de ítem Koha
        Colección de folletos Biblioteca del Ateneo de Madrid Biblioteca del Ateneo de Madrid Depósito folletos 17/01/2008     1933-F-3 1060044 23/02/2023 23/02/2023 Folleto